000 00752nam0a22002531 4500
001 rc\113915
005 20021216134427.7
010 _a5-88709-049-9
_950000
035 _a(NLR Aleph) 005373445
090 _a7024469
_c7024469
100 _a20021216d1996 u |0rusy50 ca
101 0 _arus
102 _aRU
105 _aa |||||||||
200 1 _aТАЙНЫ женского очарования
_fСост. В.П. Чашникова
210 _aТюмень
_cСофтДизайн
_d1996
215 _a143 с., [2] л. цв. ил.
_cил.
_d20
320 _aБиблиогр.: с. 142
702 1 _aЧашникова
_bВ. П.
_4220
801 0 _aRU
_bNLR
_gpsbo
801 1 _aRU
_bELAR
_2rusmarc
852 _aNLR
_j97-3/5718
942 _cBOOK
980 _aNB